000
00228nam a22001097a 4500
082
_a
510
_b
SIE/M
100
_a
GOVT. OF KERALA
245
_a
SIET
_b
MATHEMATICS
260
_a
NEW DELHI
_b
GOVT. OF KERALA
300
_b
CD
942
_c
BK
999
_c
7845
_d
7845